000 00441nam a22001697a 4500
003 macl
005 20160203122922.0
008 160203b xxu||||| |||| 00| 0 eng d
040 _cmacl
041 _aEnglish
082 _a080/MCA
100 _aMcaneny Bill
_936519
245 _aFrankenstein's Manager Leadership's Missig Links
260 _aNew Delhi
_bIndian Publishing House
_c2012
650 _aMotivations
_922658
942 _2ddc
_cBK
999 _c53007
_d53007